000 01521nam a2200169Ia 4500
008 220216s9999 xx 000 0 und d
100 _aGangwar V
245 0 _aFertiliser Best Management Practices in Important Cropping System
260 _bIndian Journal of Fertilisers
_c2013
300 _a34-51
520 _aNutrient management is a major component of soil and crop management system.It becoms even more important in intensive high yielding cropping system because of the increasing energy cost and economic pressure. Fertiliser best management practices (FBMPs) which emphasise on better crop and soil management strategies are meaningful options to attain sustainable higher yields.FBMPs focus on site-specic nutrient recommendations, its intensive management, improved efficiency and effectiveness, and environmentally sound use of crop production inputs. Infect the concept of applying the right fertiliser at the right time, right rate and at right place is a guiding them e for FBMPs for predominant cropping systems of the country covering the various aspects like concern of multi-nutrient deficiencies, yield gaps and means to bridge these, site-specific nutrient management. In order to tailor the BMPs at small field holders managing spatial field variability using modern tools like remote sensing, GIS, sensor based nutrient management, and nutrient experts are also discussed.
650 _aCropping System
650 _aFertiliser
700 _aShankar Ravi
700 _aSingh VK
942 _cJS
999 _c59350
_d59350